NLVE - Latin III - Pronouns - Statistics

General Stats
  • This quiz has been taken 38 times
  • The average score is 5 of 18
Answer Stats
Hint Answer % Correct
ego I
100%
nōs we
100%
you
100%
vōs you (all)
57%
suī, sibī, sē, sē himself, herself, itself, themselves
43%
is, ea, id he, she, it
29%
ille, illa, illud that, that one; he, she, it
29%
quī, quae, quod who, whom, which, that
29%
ecquis, ecquid anyone, anything
14%
ipse, ipsa, ipsum self, himself
14%
hic, haec, hoc this; he, she, it
14%
quīdam, quaedam, quiddam a certain, a sort of
0%
quisuam, quicquam any, anyone, anything
0%
quīvis, quaevīs, quodvīs any you please, anyone, anything
0%
quisque, quaeque, quidque each, every, every one
0%
sī quis, sī qua, sī quod if any, if anyone, whoever
0%
īdem, eadem, idem the same, also, likewise
0%
quīcumque, quaecumque, quodcumque whoever, whatever, all that, every possible
0%
No matching quizzes found
Score Distribution
Percent of People with Each Score
Percentile by Number Answered
Your Score History
You have not taken this quiz